00848nam a22002177a 450000500170000001000150001702000270003203500140005903700130007308200170008610000210010324501290012426000350025327000940028830000300038250000190041270000180043194200310044999900190048095201310049920161116155138.0 aENG-116559 a9789383649884c1080.00 aEN-100091 bDBAD/PUB a333.79240954 aMishra,Sitakanta aDefance beyond design :bcontours of India;s nuclear safety & security /cby Sitakanta Mishra ; introduction by Vinod Pandey aNew DelhibKW Publishersc2016 a14th floor, building no 10, tower-B, DLF cyber city, Phase-II,bGurgaon (Haryana)e122002 axix,307p.:c24cm(Hb)bill aIncluded index aPandey,Vinod  2ddccENh333.79240954mMIS c104651d104651 001040718NFICaDBADbBNd2016-11-16eDBAD/PUBg1080.00l0o333.79240954 MISpEN-100091r2016-11-16 00:00:00t1v1080.00yEN